000
00314nam a2200133Ia 4500
005
20251222144821.0
008
251222s9999||||xx |||||||||||||| ||spa||
020
_a
978-88-557-0163-1
082
_a
458.04/B54/T.2
100
_a
Bigliazzi, M. Silvia
245
0
_a
Quaderni Ditals
264
_b
Guerra
942
_c
LIB
999
_c
20492
_d
20492